[Event "16. Obert Int. Sant Martí 2014 Grupo B"]
[Site "Barcelona ESP"]
[Date "2014.07.18"]
[Round "6.20"]
[White "Cano Sevila, Ivan"]
[Black "Escofet Llongueras, Joan"]
[Result "1-0"]
[WhiteElo "2039"]
[BlackElo "1947"]
[PlyCount "49"]
[EventDate "2014.07.13"]
[EventType "swiss"]
[EventRounds "9"]
[EventCountry "ESP"]
[Source "lmi"]
[SourceDate "2014.07.13"]

1. f4 Nf6 2. b3 d5 3. e3 Bf5 4. Nf3 h6 5. Bb2 c5 6. Be2 Nc6 7. Ne5 Qb6 8. O-O
e6 9. Kh1 Rd8 10. d3 c4 11. Nxc6 Qxc6 12. d4 Ne4 13. a4 a6 14. bxc4 dxc4 15.
Nc3 Be7 16. Bf3 Bh7 17. Qe1 O-O 18. Bxe4 Bxe4 19. Qg3 Bxc2 20. d5 Qb6 21. Nb5
Bg6 22. dxe6 axb5 23. f5 f6 24. Qxg6 Qxe3 25. Bc1 1-0

[Event "16. Obert Int. Sant Martí 2014 Grupo B"]
[Site "Barcelona ESP"]
[Date "2014.07.18"]
[Round "6.21"]
[White "Ayza Casamitjana, Antoni"]
[Black "Perez Garcia, Jose Miguel"]
[Result "0-1"]
[WhiteElo "2017"]
[BlackElo "1945"]
[PlyCount "80"]
[EventDate "2014.07.13"]
[EventType "swiss"]
[EventRounds "9"]
[EventCountry "ESP"]
[Source "lmi"]
[SourceDate "2014.07.13"]

1. e4 d5 2. exd5 Qxd5 3. Nc3 Qa5 4. d4 Nf6 5. Bd2 Bf5 6. Nf3 c6 7. Be2 Nbd7 8.
O-O e6 9. a3 Qc7 10. h3 Bd6 11. b4 O-O 12. Be3 Rfd8 13. Bd3 Bg6 14. Qe2 e5 15.
Bxg6 hxg6 16. Rad1 Re8 17. Qc4 Nb6 18. Qb3 e4 19. Nd2 Bf4 20. Rfe1 Rad8 21. Nf1
Nfd5 22. Nxd5 cxd5 23. Nd2 Bh2+ 24. Kh1 Bd6 25. Rc1 Rc8 26. c3 f5 27. Bg5 Nc4
28. Nxc4 Qxc4 29. Qxc4 Rxc4 30. Bd2 Rec8 31. g3 g5 32. Kg2 f4 33. Rh1 e3 34.
fxe3 fxe3 35. Bxe3 Rxc3 36. Rhe1 R8c4 37. Kf3 Kh7 38. Kf2 Kg6 39. g4 Kf6 40.
Ke2 Rxe3+ 0-1

[Event "16. Obert Int. Sant Martí 2014 Grupo B"]
[Site "Barcelona ESP"]
[Date "2014.07.18"]
[Round "6.22"]
[White "Pascual Gonzalez-Novelles, Carles"]
[Black "Clifford, Neil"]
[Result "0-1"]
[WhiteElo "2010"]
[BlackElo "1923"]
[PlyCount "64"]
[EventDate "2014.07.13"]
[EventType "swiss"]
[EventRounds "9"]
[EventCountry "ESP"]
[Source "lmi"]
[SourceDate "2014.07.13"]

1. e4 e5 2. Nf3 f5 3. exf5 e4 4. Nd4 Nf6 5. Be2 Bc5 6. Nb3 Bb6 7. Bh5+ Kf8 8.
Nc3 d5 9. d3 exd3 10. cxd3 Qe7+ 11. Be2 Bxf5 12. Bg5 c6 13. O-O Nbd7 14. Re1
Qd6 15. Bf3 Kf7 16. d4 Rhe8 17. Qd2 Qf8 18. Na4 h6 19. Bf4 g5 20. Be5 g4 21.
Qf4 Kg6 22. Be2 Nh5 23. Qd2 Nxe5 24. Nxb6 axb6 25. dxe5 Rxe5 26. Nd4 Rae8 27.
h3 gxh3 28. Nxf5 Qxf5 29. g4 h2+ 30. Kh1 Qe4+ 31. f3 Ng3+ 32. Kxh2 Qxe2+ 0-1

[Event "16. Obert Int. Sant Martí 2014 Grupo B"]
[Site "Barcelona ESP"]
[Date "2014.07.18"]
[Round "6.23"]
[White "Ramos Alvarez, Maximo"]
[Black "Collell Rodriguez, Victor"]
[Result "1-0"]
[WhiteElo "2001"]
[BlackElo "1911"]
[PlyCount "59"]
[EventDate "2014.07.13"]
[EventType "swiss"]
[EventRounds "9"]
[EventCountry "ESP"]
[Source "lmi"]
[SourceDate "2014.07.13"]

1. d4 Nf6 2. Bg5 Ne4 3. h4 c5 4. d5 Qb6 5. Bc1 g6 6. h5 Bg7 7. c3 O-O 8. Qd3
Nf6 9. hxg6 fxg6 10. e4 c4 11. Qe3 Qxe3+ 12. Bxe3 b5 13. f3 e6 14. dxe6 dxe6
15. a4 Bd7 16. axb5 Bxb5 17. Na3 Bd7 18. Nxc4 Nc6 19. Ne2 Rfb8 20. b4 Ne8 21.
Rd1 Rb7 22. b5 Ne7 23. Na5 Rc7 24. b6 Bxc3+ 25. Nxc3 Rxc3 26. b7 Rd8 27. Rxd7
Rxe3+ 28. Kf2 Rxd7 29. b8=Q Kf7 30. Kxe3 1-0

[Event "16. Obert Int. Sant Martí 2014 Grupo B"]
[Site "Barcelona ESP"]
[Date "2014.07.18"]
[Round "6.24"]
[White "Baltasar Diaz, Vicente"]
[Black "Pujal Moncho, Joaquim"]
[Result "1-0"]
[WhiteElo "1932"]
[BlackElo "1997"]
[PlyCount "45"]
[EventDate "2014.07.13"]
[EventType "swiss"]
[EventRounds "9"]
[EventCountry "ESP"]
[Source "lmi"]
[SourceDate "2014.07.13"]

1. e4 d5 2. exd5 Qxd5 3. Nc3 Qa5 4. Bc4 Nf6 5. d4 c6 6. Bd2 Qb6 7. Nf3 e6 8.
O-O Bd6 9. Qe2 O-O 10. Ne4 Nxe4 11. Qxe4 Qc7 12. Ng5 g6 13. Qh4 h5 14. g4 Kg7
15. gxh5 Rh8 16. h6+ Kg8 17. h7+ Kg7 18. Nxe6+ fxe6 19. Qh6+ Kf7 20. Bd3 Ke8
21. Bxg6+ Kd8 22. Bg5+ Be7 23. Qg7 1-0

[Event "16. Obert Int. Sant Martí 2014 Grupo B"]
[Site "Barcelona ESP"]
[Date "2014.07.18"]
[Round "6.25"]
[White "Roig Ruiz, Carles"]
[Black "Albert Estebanez, Carlos"]
[Result "1/2-1/2"]
[WhiteElo "1997"]
[BlackElo "1890"]
[PlyCount "108"]
[EventDate "2014.07.13"]
[EventType "swiss"]
[EventRounds "9"]
[EventCountry "ESP"]
[Source "lmi"]
[SourceDate "2014.07.13"]

1. d4 Nf6 2. c4 e6 3. Nc3 d5 4. Nf3 Nc6 5. Bg5 h6 6. Bxf6 gxf6 7. cxd5 exd5 8.
e3 Bf5 9. a3 a6 10. Qb3 Be6 11. g3 Na5 12. Qc2 Nc4 13. b3 Nd6 14. Bg2 Bf5 15.
Qe2 Ne4 16. Nxe4 Bxe4 17. Nh4 Bxg2 18. Nxg2 h5 19. h4 Bd6 20. Qf3 c6 21. O-O
Qe7 22. b4 Kd7 23. Nf4 Bxf4 24. Qxf4 Qd6 25. Qf3 Rhg8 26. Kh2 Rg4 27. Qf5+ Qe6
28. Qxh5 Rag8 29. Rg1 Ke7 30. f3 R4g7 31. e4 dxe4 32. fxe4 Qd6 33. Qc5 Rg4 34.
Qxd6+ Kxd6 35. Rae1 Re8 36. Rgf1 Rgxe4 37. Rxe4 Rxe4 38. Rxf6+ Ke7 39. Rf4 Re3
40. a4 Rb3 41. b5 axb5 42. axb5 Rxb5 43. Re4+ Kd6 44. Kh3 Ra5 45. Rf4 Ke6 46.
Kg4 b5 47. h5 Ra8 48. Kh4 b4 49. d5+ cxd5 50. Rxb4 Rd8 51. g4 Kf6 52. Rf4+ Kg7
53. Kg5 Rd6 54. Rd4 f6+ 1/2-1/2

[Event "16. Obert Int. Sant Martí 2014 Grupo B"]
[Site "Barcelona ESP"]
[Date "2014.07.18"]
[Round "6.26"]
[White "Fuentes Barrientos, Carlos"]
[Black "Torras Chicon, Adria"]
[Result "0-1"]
[WhiteElo "1915"]
[BlackElo "1996"]
[PlyCount "64"]
[EventDate "2014.07.13"]
[EventType "swiss"]
[EventRounds "9"]
[EventCountry "ESP"]
[Source "lmi"]
[SourceDate "2014.07.13"]

1. e4 e5 2. Nf3 Nc6 3. Bc4 Nf6 4. d4 exd4 5. O-O Be7 6. e5 Ne4 7. Re1 d5 8.
exd6 Nxd6 9. Bd5 Nb4 10. Bb3 c5 11. Bg5 Nc6 12. Bxe7 Nxe7 13. Ng5 O-O 14. Qh5
h6 15. Nf3 Bf5 16. Nbd2 b5 17. g4 c4 18. gxf5 Nexf5 19. Nxc4 g6 20. Qh3 bxc4
21. Ba4 Qa5 22. Bd7 Rfd8 23. Re5 Qb6 24. Bxf5 Nxf5 25. Qg4 Qxb2 26. Rxf5 Qxa1+
27. Kg2 d3 28. Ne5 Qd4 29. Qg3 Qe4+ 30. Rf3 d2 31. Nxf7 d1=Q 32. Nxh6+ Kh7 0-1

[Event "16. Obert Int. Sant Martí 2014 Grupo B"]
[Site "Barcelona ESP"]
[Date "2014.07.18"]
[Round "6.27"]
[White "Brandt, Stefan"]
[Black "Torrents Señal, Marc"]
[Result "0-1"]
[WhiteElo "1889"]
[BlackElo "1991"]
[PlyCount "58"]
[EventDate "2014.07.13"]
[EventType "swiss"]
[EventRounds "9"]
[EventCountry "ESP"]
[Source "lmi"]
[SourceDate "2014.07.13"]

1. e4 c6 2. d4 d5 3. e5 Bf5 4. c4 e6 5. Nc3 dxc4 6. Bxc4 Nd7 7. Nge2 Nb6 8. Bb3
Ne7 9. O-O Ned5 10. Nf4 Nxf4 11. Bxf4 Be7 12. Be3 h6 13. Rc1 O-O 14. g4 Bh7 15.
f4 Nd5 16. Nxd5 cxd5 17. Bc2 Bxc2 18. Rxc2 Rc8 19. Rg2 f5 20. exf6 Rxf6 21. g5
hxg5 22. fxg5 Rxf1+ 23. Qxf1 g6 24. Qd3 Kg7 25. Bf4 Bd6 26. Qg3 Rc1+ 27. Kf2
Qf8 28. Ke3 Bxf4+ 29. Qxf4 Re1+ 0-1

[Event "16. Obert Int. Sant Martí 2014 Grupo B"]
[Site "Barcelona ESP"]
[Date "2014.07.18"]
[Round "6.28"]
[White "Barragan Hernandez, Manel"]
[Black "Mamontova, Anastasia"]
[Result "1-0"]
[WhiteElo "1990"]
[BlackElo "1858"]
[PlyCount "81"]
[EventDate "2014.07.13"]
[EventType "swiss"]
[EventRounds "9"]
[EventCountry "ESP"]
[Source "lmi"]
[SourceDate "2014.07.13"]

1. Nf3 Nc6 2. e4 e5 3. Nc3 g6 4. d4 exd4 5. Nxd4 Bg7 6. Be3 Nge7 7. Qd2 a6 8.
Nxc6 Nxc6 9. Bh6 O-O 10. Bxg7 Kxg7 11. Bc4 b5 12. Bd5 Bb7 13. O-O d6 14. a4 b4
15. Bxc6 Bxc6 16. Qd4+ f6 17. Qxb4 Qd7 18. b3 h5 19. Nd5 g5 20. Ne3 Rfe8 21.
Nf5+ Kg6 22. f3 Re5 23. Nd4 g4 24. Nxc6 Qxc6 25. Qd2 gxf3 26. gxf3 Kf7 27. Kh1
d5 28. exd5 Rxd5 29. Qh6 Rg8 30. Qh7+ Rg7 31. Qe4 Qc5 32. b4 Qd6 33. Rae1 f5
34. Qe8+ Kf6 35. Qxh5 Qf4 36. Rg1 Rdd7 37. Rxg7 Rxg7 38. c3 Rg6 39. Re6+ Kxe6
40. Qxg6+ Ke5 41. Qg3 1-0

[Event "16. Obert Int. Sant Martí 2014 Grupo B"]
[Site "Barcelona ESP"]
[Date "2014.07.18"]
[Round "6.29"]
[White "Poyato Ruiz, Fernando"]
[Black "Larios Jimenez, Rafael"]
[Result "1-0"]
[WhiteElo "1968"]
[BlackElo "1791"]
[PlyCount "103"]
[EventDate "2014.07.13"]
[EventType "swiss"]
[EventRounds "9"]
[EventCountry "ESP"]
[Source "lmi"]
[SourceDate "2014.07.13"]

1. d4 Nf6 2. c4 e6 3. Nc3 Bb4 4. Bg5 Bxc3+ 5. bxc3 b6 6. e3 Bb7 7. Nf3 h6 8.
Bh4 d6 9. Bd3 Nbd7 10. O-O g5 11. Bg3 Qe7 12. a4 a5 13. Re1 Rg8 14. Rb1 h5 15.
h3 O-O-O 16. e4 g4 17. hxg4 Nxg4 18. Bh4 f6 19. Qe2 Qg7 20. Bg3 Rdf8 21. c5
dxc5 22. Ba6 e5 23. Bxb7+ Kxb7 24. d5 f5 25. Qb5 f4 26. Nh4 fxg3 27. f3 Nh6 28.
Qc6+ Kb8 29. d6 Rc8 30. Rb5 cxd6 31. Qxd6+ Kb7 32. Reb1 Rc6 33. Qd5 Ra8 34. Ng6
Qf7 35. Nxe5 Qxd5 36. exd5 Rd6 37. Nxd7 Rxd7 38. Rxb6+ Kc7 39. Rc6+ Kd8 40.
Rxh6 Kc7 41. Rc6+ Kd8 42. Rxc5 Ra6 43. c4 Ke7 44. Re1+ Kf7 45. Rb5 Kf6 46. Re4
Rdd6 47. Kf1 Kf5 48. Ke2 Rh6 49. d6+ Kf6 50. c5 h4 51. d7 Ra8 52. Rb6+ 1-0

[Event "16. Obert Int. Sant Martí 2014 Grupo B"]
[Site "Barcelona ESP"]
[Date "2014.07.18"]
[Round "6.30"]
[White "Riu Lopez, Sergi"]
[Black "Ferres Saez, Joan"]
[Result "0-1"]
[WhiteElo "1882"]
[BlackElo "1965"]
[PlyCount "82"]
[EventDate "2014.07.13"]
[EventType "swiss"]
[EventRounds "9"]
[EventCountry "ESP"]
[Source "lmi"]
[SourceDate "2014.07.13"]

1. e4 g6 2. d4 Bg7 3. Nc3 c6 4. Nf3 d5 5. e5 f6 6. Be2 Nh6 7. O-O O-O 8. exf6
exf6 9. Bf4 g5 10. Bg3 g4 11. Nd2 f5 12. Bf4 Nd7 13. Nb3 Nf6 14. Qd2 Nf7 15.
Rad1 Nh5 16. Be3 Qd6 17. g3 b6 18. Rfe1 Bd7 19. Bf1 Qg6 20. Bg2 Nd6 21. Nc1 Nc4
22. Qe2 Nxb2 23. Rd2 Nc4 24. Rdd1 Rae8 25. Qf1 Nxe3 26. fxe3 Bh6 27. Qf2 Nf6
28. Nd3 Ne4 29. Nxe4 fxe4 30. Nf4 Bxf4 31. gxf4 Qf6 32. Qe2 h5 33. Kh1 Qh4 34.
Rg1 g3 35. Bf1 Bg4 36. Rxg3 Kh8 37. Qe1 Bxd1 38. Rg8+ Rxg8 39. Qxh4 Bf3+ 40.
Bg2 Rxg2 41. Qf6+ Rg7# 0-1

[Event "16. Obert Int. Sant Martí 2014 Grupo B"]
[Site "Barcelona ESP"]
[Date "2014.07.18"]
[Round "6.31"]
[White "Poyato Duran, David"]
[Black "Torres Julian, Marc"]
[Result "1/2-1/2"]
[WhiteElo "1878"]
[BlackElo "1959"]
[PlyCount "82"]
[EventDate "2014.07.13"]
[EventType "swiss"]
[EventRounds "9"]
[EventCountry "ESP"]
[Source "lmi"]
[SourceDate "2014.07.13"]

1. d4 Nf6 2. c4 e5 3. e3 exd4 4. exd4 d5 5. Nc3 Bb4 6. Bg5 O-O 7. Nf3 Be6 8.
cxd5 Bxd5 9. Be2 c6 10. O-O Be6 11. d5 cxd5 12. Bxf6 Qxf6 13. Nxd5 Bxd5 14.
Qxd5 Nc6 15. Qb3 b6 16. Rac1 Bc5 17. Qc3 Qxc3 18. Rxc3 Rad8 19. Rfc1 Nd4 20.
Nxd4 Rxd4 21. Rd3 Rxd3 22. Bxd3 Rd8 23. Rd1 Kf8 24. Kf1 g6 25. b3 Ke7 26. Ke2
Rd6 27. Bc4 Rxd1 28. Kxd1 Bxf2 29. Ke2 Bg1 30. h3 f5 31. Kf3 g5 32. Bd3 Kf6 33.
g4 fxg4+ 34. hxg4 h6 35. Ke4 Ke6 36. Bc4+ Kf6 37. Kd5 h5 38. gxh5 g4 39. Ke4 g3
40. Kf3 Bf2 41. Bd3 Kg5 1/2-1/2

[Event "16. Obert Int. Sant Martí 2014 Grupo B"]
[Site "Barcelona ESP"]
[Date "2014.07.18"]
[Round "6.32"]
[White "Rey Plaza, Sergio"]
[Black "Vargas Drechsler, Carlos"]
[Result "1/2-1/2"]
[WhiteElo "1831"]
[BlackElo "1958"]
[PlyCount "109"]
[EventDate "2014.07.13"]
[EventType "swiss"]
[EventRounds "9"]
[EventCountry "ESP"]
[Source "lmi"]
[SourceDate "2014.07.13"]

1. e4 e5 2. Nf3 Nc6 3. d4 exd4 4. Nxd4 Bc5 5. Be3 Qf6 6. c3 Nge7 7. g3 d5 8.
Bg2 dxe4 9. O-O Bd7 10. Bxe4 O-O-O 11. Qf3 Qxf3 12. Bxf3 Nxd4 13. Bxd4 Bxd4 14.
cxd4 Bc6 15. Nd2 Rxd4 16. Nb3 Rd6 17. Be2 Re8 18. Bc4 Bd5 19. Rac1 Bxc4 20.
Rxc4 Nc6 21. Rf4 f6 22. Rb1 Rde6 23. Kf1 Re2 24. h4 Rc2 25. Na1 Rce2 26. Rg4 g6
27. Rf4 f5 28. h5 R2e4 29. Rf3 Nd4 30. Rd3 gxh5 31. f3 Re3 32. Rxd4 Rxf3+ 33.
Kg2 Ree3 34. Rbd1 Rxg3+ 35. Kf2 b6 36. Rd7 Rgf3+ 37. Kg2 h4 38. Rxh7 h3+ 39.
Kg1 Rd3 40. Rc1 c5 41. Rxa7 Kb8 42. Rh7 f4 43. Nc2 Rd2 44. Re1 Rg2+ 45. Kh1 Rg8
46. Na3 Re3 47. Rxe3 fxe3 48. Rxh3 Rd8 49. Rxe3 Rd1+ 50. Kg2 Rd2+ 51. Kf3 Rxb2
52. Re2 Rb4 53. Re4 Rb2 54. Re2 Rb4 55. Re4 1/2-1/2

[Event "16. Obert Int. Sant Martí 2014 Grupo B"]
[Site "Barcelona ESP"]
[Date "2014.07.18"]
[Round "6.33"]
[White "Calafell Marques, Josep"]
[Black "Baum, Jonasz"]
[Result "1-0"]
[WhiteElo "1950"]
[BlackElo "1632"]
[PlyCount "31"]
[EventDate "2014.07.13"]
[EventType "swiss"]
[EventRounds "9"]
[EventCountry "ESP"]
[Source "lmi"]
[SourceDate "2014.07.13"]

1. e4 e5 2. Nf3 Nc6 3. Bb5 a6 4. Bxc6 dxc6 5. O-O Bd6 6. Re1 Ne7 7. d4 exd4 8.
e5 Bc5 9. Nbd2 Nf5 10. Ne4 Ba7 11. b4 O-O 12. Bb2 Be6 13. Qd3 Qd7 14. Neg5 Bd5
15. g4 Ne7 16. Qxh7# 1-0

[Event "16. Obert Int. Sant Martí 2014 Grupo B"]
[Site "Barcelona ESP"]
[Date "2014.07.18"]
[Round "6.35"]
[White "Corominas Garrido, Jordi"]
[Black "Bernat Pascual, Magí"]
[Result "1-0"]
[WhiteElo "2077"]
[BlackElo "1869"]
[PlyCount "67"]
[EventDate "2014.07.13"]
[EventType "swiss"]
[EventRounds "9"]
[EventCountry "ESP"]
[Source "lmi"]
[SourceDate "2014.07.13"]

1. c4 c6 2. g3 d5 3. Bg2 Nf6 4. Qb3 e6 5. d3 Nbd7 6. Nf3 Qb6 7. Qc2 Bd6 8. O-O
O-O 9. Be3 Qc7 10. c5 Be7 11. d4 b6 12. Bf4 Qb7 13. b4 a5 14. bxa5 Rxa5 15. Bd2
Ra8 16. cxb6 Qxb6 17. Rc1 Ba6 18. Nc3 Bc4 19. Rcb1 Qa6 20. Bf4 Nh5 21. Ng5 Ndf6
22. Be3 h6 23. Nf3 Nd7 24. Bf1 Nhf6 25. Nd2 Nb6 26. Bf4 Rfc8 27. a4 Qa5 28.
Nxc4 Nxc4 29. Rb7 Kf8 30. e4 Nb6 31. Bc7 Nfd7 32. Rb1 Bd8 33. Bd6+ Kg8 34. Bb4
1-0

[Event "16. Obert Int. Sant Martí 2014 Grupo B"]
[Site "Barcelona ESP"]
[Date "2014.07.18"]
[Round "6.37"]
[White "Maltsev, Andrey"]
[Black "Riera Danes, Manel"]
[Result "0-1"]
[WhiteElo "1867"]
[BlackElo "2048"]
[PlyCount "78"]
[EventDate "2014.07.13"]
[EventType "swiss"]
[EventRounds "9"]
[EventCountry "ESP"]
[Source "lmi"]
[SourceDate "2014.07.13"]

1. g3 Nf6 2. Nf3 g6 3. Bg2 Bg7 4. c4 c5 5. Nc3 Nc6 6. d4 cxd4 7. Nxd4 O-O 8.
Nb3 d6 9. e4 Be6 10. Nd2 Ne5 11. Qe2 Rc8 12. b3 Nfd7 13. Bb2 Nc5 14. O-O Ned3
15. Ndb1 Nxb2 16. Qxb2 Qb6 17. Qc2 Qa5 18. a3 Nxb3 19. Qxb3 Bxc4 20. Qxb7 Bxf1
21. Bxf1 Bxc3 22. Nxc3 Qxc3 23. Rd1 Rc7 24. Qa6 Rb8 25. Rd5 Rb2 26. Rd3 Qe1 27.
Rf3 Qxe4 28. Rf4 Qc6 29. Qa5 Rb1 30. h4 Qc1 31. Qa6 e5 32. Ra4 d5 33. Kg2 Qd1
34. g4 Rcc1 35. Qxa7 Qxf1+ 36. Kf3 Rb3+ 37. Qe3 Rcc3 38. Ra8+ Kg7 39. h5 Rxe3#
0-1

[Event "16. Obert Int. Sant Martí 2014 Grupo B"]
[Site "Barcelona ESP"]
[Date "2014.07.18"]
[Round "6.38"]
[White "Rius Riu, Gerard"]
[Black "Delgado Camara, Luis Felix"]
[Result "0-1"]
[WhiteElo "1846"]
[BlackElo "2047"]
[PlyCount "78"]
[EventDate "2014.07.13"]
[EventType "swiss"]
[EventRounds "9"]
[EventCountry "ESP"]
[Source "lmi"]
[SourceDate "2014.07.13"]

1. d4 e6 2. Nf3 d5 3. e3 f5 4. c4 c6 5. Nbd2 Bd6 6. Bd3 Nf6 7. c5 Bc7 8. b4 O-O
9. Bb2 Nbd7 10. O-O Qe7 11. Ne5 Ne4 12. Bxe4 fxe4 13. Nxd7 Bxd7 14. f4 Rf6 15.
Qe2 Rh6 16. Bc3 Be8 17. Rf2 Bh5 18. g4 Bxg4 19. Qf1 Qh4 20. Qe1 Bh3 21. Re2
Rg6+ 22. Kh1 Qg4 23. Qf2 Qh5 24. Rg1 Bg4 25. Ree1 Bd8 26. Ra1 Bh4 27. Qf1 Be2
28. Qh3 Bg4 29. Qf1 Rf8 30. h3 Be7 31. Rg3 Be2 32. Qg2 Rff6 33. Rg1 Rxg3 34.
Qxg3 Rg6 35. Qh2 Bf3+ 36. Nxf3 Qxf3+ 37. Rg2 Bh4 38. Bd2 Bg3 39. Qg1 Rh6 0-1

[Event "16. Obert Int. Sant Martí 2014 Grupo B"]
[Site "Barcelona ESP"]
[Date "2014.07.18"]
[Round "6.39"]
[White "Molina Mañas, Miquel"]
[Black "Flores Liñan, Josep Luis"]
[Result "0-1"]
[WhiteElo "1832"]
[BlackElo "2016"]
[PlyCount "64"]
[EventDate "2014.07.13"]
[EventType "swiss"]
[EventRounds "9"]
[EventCountry "ESP"]
[Source "lmi"]
[SourceDate "2014.07.13"]

1. d4 Nf6 2. Nf3 g6 3. c4 Bg7 4. Nc3 d6 5. e3 O-O 6. Bd3 c5 7. O-O Na6 8. a3
Bd7 9. Ne4 Nxe4 10. Bxe4 Rb8 11. Rb1 b5 12. Bd3 Nc7 13. dxc5 dxc5 14. cxb5 Nxb5
15. Qd2 Qc7 16. a4 Nd6 17. b3 Be6 18. Bc2 Rfd8 19. Qe2 c4 20. b4 Bd5 21. Rd1 e6
22. Ba3 Ne4 23. Bxe4 Bxe4 24. Rxd8+ Rxd8 25. Rc1 Rd3 26. Qc2 Bxf3 27. Qxd3 cxd3
28. Rxc7 d2 29. Rc1 d1=Q+ 30. Rxd1 Bxd1 31. a5 Bc3 32. b5 Bxa5 0-1

[Event "16. Obert Int. Sant Martí 2014 Grupo B"]
[Site "Barcelona ESP"]
[Date "2014.07.18"]
[Round "6.40"]
[White "Martin Sanchez, Antoni"]
[Black "Serra Vilaro, Agusti"]
[Result "1-0"]
[WhiteElo "1825"]
[BlackElo "2013"]
[PlyCount "113"]
[EventDate "2014.07.13"]
[EventType "swiss"]
[EventRounds "9"]
[EventCountry "ESP"]
[Source "lmi"]
[SourceDate "2014.07.13"]

1. d4 e6 2. Nf3 f5 3. Nbd2 Nf6 4. e3 d5 5. Bd3 Bd6 6. c4 c6 7. O-O O-O 8. b3
Qe8 9. Ne5 Bxe5 10. dxe5 Ng4 11. Bb2 Nd7 12. Nf3 Qh5 13. h3 Nh6 14. Nh2 Qh4 15.
f4 Nc5 16. Nf3 Qg3 17. Ba3 b6 18. Rc1 Nxd3 19. Qxd3 Rd8 20. Bd6 Ba6 21. Nd4
dxc4 22. bxc4 Qg6 23. Qa3 Bb7 24. c5 b5 25. Qb3 Re8 26. a4 a6 27. a5 Qf7 28.
Kh2 g6 29. Rf3 Qd7 30. Rg3 Kf7 31. Qd1 Qd8 32. Qf3 Rc8 33. Ra1 Ng8 34. e4 fxe4
35. Qxe4 Ne7 36. Nb3 Nd5 37. Rf1 Qh4 38. Rg4 Qh6 39. Nd4 Kg8 40. f5 Ne3 41.
Rff4 Nxg4+ 42. Rxg4 exf5 43. Qxf5 Rf8 44. Bxf8 Rxf8 45. Qe4 Re8 46. Rg3 Qf8 47.
Re3 Qxc5 48. Nf3 Qe7 49. e6 c5 50. Qe5 Rd8 51. Ng5 Rd5 52. Qb8+ Kg7 53. Nf7 Kf6
54. Rf3+ Rf5 55. Qh8+ Kxe6 56. Re3+ Kxf7 57. Qxh7+ 1-0

[Event "16. Obert Int. Sant Martí 2014 Grupo B"]
[Site "Barcelona ESP"]
[Date "2014.07.18"]
[Round "6.41"]
[White "Olive Oller, Guim"]
[Black "Gonzalez Alonso, Marti"]
[Result "1/2-1/2"]
[WhiteElo "1989"]
[BlackElo "1844"]
[PlyCount "128"]
[EventDate "2014.07.13"]
[EventType "swiss"]
[EventRounds "9"]
[EventCountry "ESP"]
[Source "lmi"]
[SourceDate "2014.07.13"]

1. d4 d5 2. Nf3 Nf6 3. c4 e6 4. Nc3 b6 5. Bg5 Be7 6. e3 O-O 7. Rc1 c6 8. Bd3
Nbd7 9. O-O h6 10. Bh4 Bb7 11. cxd5 cxd5 12. Bb1 Rc8 13. Qd3 Ne4 14. Bxe7 Qxe7
15. Ne5 Rfd8 16. f3 Nef6 17. Ne2 Kf8 18. Ng3 Qd6 19. Rxc8 Rxc8 20. f4 Ne4 21.
Nxd7+ Qxd7 22. Nxe4 dxe4 23. Qa3+ Kg8 24. Qxa7 Qc7 25. Qa4 f5 26. Qd1 Bd5 27.
Rf2 Qa7 28. b3 Rc3 29. Qe1 Qc7 30. Rd2 b5 31. Kf2 Qd8 32. g3 Qc7 33. Qe2 b4 34.
Rc2 Rc6 35. Rxc6 Qxc6 36. Qc2 Qb7 37. Qc5 Bc6 38. Ke1 Bd7 39. Kd2 Kf7 40. Kc1
Kg6 41. Bc2 Kf7 42. Kb2 Bc6 43. Bd1 g6 44. Be2 Bd7 45. Bc4 Bc6 46. Qd6 Bd5 47.
Qa6 Qb8 48. Qb5 Qd6 49. Bxd5 exd5 50. Qb7+ Ke8 51. Qa8+ Kd7 52. a3 bxa3+ 53.
Qxa3 Qe6 54. Qc5 Ke8 55. Qc7 Qa6 56. Qc2 Kd7 57. b4 Qb5 58. Kb3 Qa6 59. h4 h5
60. Qc3 Qb5 61. Qc1 Qd3+ 62. Ka2 Qa6+ 63. Kb3 Qb5 64. Kc2 Qe2+ 1/2-1/2

[Event "16. Obert Int. Sant Martí 2014 Grupo B"]
[Site "Barcelona ESP"]
[Date "2014.07.18"]
[Round "6.42"]
[White "Negreira Rodriguez, Daniel"]
[Black "Tortosa Moros, Joan"]
[Result "1-0"]
[WhiteElo "1786"]
[BlackElo "1941"]
[PlyCount "58"]
[EventDate "2014.07.13"]
[EventType "swiss"]
[EventRounds "9"]
[EventCountry "ESP"]
[Source "lmi"]
[SourceDate "2014.07.13"]

1. e4 c5 2. Nc3 Nc6 3. Nf3 g6 4. d4 cxd4 5. Nxd4 Bg7 6. Be3 Nf6 7. Qd2 Ng4 8.
Nxc6 bxc6 9. Bf4 Qa5 10. h3 Ne5 11. Bh6 Bxh6 12. Qxh6 Ba6 13. Qg7 O-O-O 14.
Bxa6+ Kc7 15. f4 Nf3+ 16. gxf3 Qxa6 17. Qe5+ Kc8 18. Qxe7 Qb6 19. O-O-O Qe3+
20. Rd2 Qxf3 21. Rhd1 Qxf4 22. Na4 Rhe8 23. Qc5 Rxe4 24. Nc3 Re3 25. Nd5 Re5
26. Ne7+ Kb7 27. Qd6 Qg5 28. Nxc6 Re6 29. Nxd8+ Kc8 1-0

[Event "16. Obert Int. Sant Martí 2014 Grupo B"]
[Site "Barcelona ESP"]
[Date "2014.07.18"]
[Round "6.43"]
[White "Farell Duran, Josep"]
[Black "Subirana Santos, Marc"]
[Result "1-0"]
[WhiteElo "1766"]
[BlackElo "1912"]
[PlyCount "115"]
[EventDate "2014.07.13"]
[EventType "swiss"]
[EventRounds "9"]
[EventCountry "ESP"]
[Source "lmi"]
[SourceDate "2014.07.13"]

1. Nf3 Nf6 2. c4 g6 3. g3 Bg7 4. Bg2 d6 5. d3 Nc6 6. Bd2 O-O 7. O-O h6 8. Bc3
a6 9. Nbd2 e5 10. Qc2 Rb8 11. Rab1 Ne7 12. Rfd1 c5 13. Nf1 b5 14. b3 b4 15. Bd2
Bb7 16. e4 Bc8 17. Ne3 Nh5 18. h3 f5 19. exf5 gxf5 20. Nf1 Ng6 21. Re1 Bb7 22.
Qc1 e4 23. dxe4 fxe4 24. N3h2 Qf6 25. Ng4 Qf7 26. Bxh6 Ne5 27. Bxg7 Nxg4 28.
hxg4 Nxg7 29. Qe3 Ne6 30. Re2 Nd4 31. Qg5+ Qg7 32. Qxg7+ Kxg7 33. Rd2 Rf6 34.
Re1 Rh8 35. Bxe4 Bxe4 36. Rxe4 Nf3+ 37. Kg2 Nxd2 38. Nxd2 Rhf8 39. f4 Kf7 40.
f5 Re8 41. Rxe8 Kxe8 42. Ne4 Rf8 43. Nxd6+ Ke7 44. Ne4 Rd8 45. f6+ Kf7 46. g5
Rd3 47. Nxc5 Rd2+ 48. Kf3 Rxa2 49. Nd3 a5 50. c5 Rc2 51. Ke4 Rc3 52. Ne5+ Kf8
53. g6 Rxg3 54. Nd7+ Ke8 55. f7+ Kxd7 56. f8=Q Rg5 57. Qf7+ Kc6 58. Qf6+ 1-0

[Event "16. Obert Int. Sant Martí 2014 Grupo B"]
[Site "Barcelona ESP"]
[Date "2014.07.18"]
[Round "6.44"]
[White "Llopis Jordan, Lluis"]
[Black "Martin Palau, Roger"]
[Result "1-0"]
[WhiteElo "1908"]
[BlackElo "1750"]
[PlyCount "83"]
[EventDate "2014.07.13"]
[EventType "swiss"]
[EventRounds "9"]
[EventCountry "ESP"]
[Source "lmi"]
[SourceDate "2014.07.13"]

1. c4 Nf6 2. Nc3 e6 3. d4 d5 4. e3 Bb4 5. Bd2 O-O 6. Bd3 c6 7. Nf3 dxc4 8. Bxc4
b5 9. Bd3 Qe7 10. Rc1 Bb7 11. a3 Ba5 12. O-O Bxc3 13. Bxc3 Nd5 14. Ba5 Qf6 15.
Ne5 Qh6 16. Bd2 Qh4 17. f4 f6 18. Be1 Qh6 19. Ng4 Qh5 20. e4 f5 21. exd5 Qxg4
22. Qxg4 fxg4 23. dxe6 a5 24. f5 Na6 25. Be2 h5 26. h3 gxh3 27. gxh3 Nc7 28.
Bxh5 Nd5 29. Bh4 Ne3 30. Bf7+ Rxf7 31. exf7+ Kxf7 32. Rf3 Nd5 33. Rg3 Rh8 34.
Bg5 Re8 35. Kf2 Re4 36. Rcg1 Rxd4 37. Be3 Nxe3 38. Kxe3 Rd7 39. Rxg7+ Ke8 40.
Rxd7 Kxd7 41. Rg7+ Kc8 42. Rxb7 1-0